000 00317nam a22001337a 4500
008 170928b xxu||||| |||| 00| 0 eng d
020 _a9780439218573
041 _aeng
080 _a37
100 _a47
101 _aEDU
245 _aACTION STRATEGIES FOR DEEPENING COMPREHENSION
_cWILHELM,. J.D
942 _2udc
_cBK
999 _c30340
_d30340